Las raíces escolásticas de la emancipación de la América española.

Saved in:
Bibliografiske detaljer
Hovedforfatter: Stoetzer O., Carlos (autor)
Format: Bog
Sprog:spansk
Udgivet: Madrid, España: Centro de Estudios Constitucionales, 1982.
Serier:Estudios políticos, 9.
Fag:
Tags: Tilføj Tag
Ingen Tags, Vær først til at tagge denne postø!

MARC

LEADER 00000nam a2200000 a 4500
001 UCY4271
003 CL-VaPUC
005 20220822114325.0
008 950306e19820000SP |||||||||||||||||spa|d
999 |c 232174  |d 232172 
020 |a 84-259-0672-5 
040 |c Pontificia Universidad Católica de Valparaíso 
082 0 4 |a 980.02 STO 1982  |2 21 
100 0 |a Stoetzer O., Carlos  |e autor  |9 332672 
245 1 4 |a Las raíces escolásticas de la emancipación de la América española.  
260 |a Madrid, España:  |b Centro de Estudios Constitucionales,  |c 1982. 
300 |a 479 páginas.  
490 0 |a Estudios políticos, 9.  
500 |a c.2 Donación Familia Prof. Alejandro Guzmán Brito. 
583 |a last modification  |c 19950306 00:00:00  |k Rodrigo Vera 
650 0 |a Escolasticismo  |2 CL-VaPUC  |9 264998  |x Historia 
650 0 |a Guerras de independencia   |2 CL-VaPUC  |9 317448  |x Historia  |y 1806-1830  |z España  |z América latina 
942 |c BK  |2 ddc  |n 0 
945 |d 19950306 00:00:00  |a aalvarez 
952 |0 0  |1 0  |4 0  |6 980_020000000000000_STO_1982  |7 0  |8 DER_HIS  |9 236264  |a BIBDER  |b BIBDER  |d 2019-11-15  |i 3061671  |o 980.02 STO 1982  |p 3061671  |r 2023-01-25  |w 2019-11-15  |x Ubicación 4to Piso  |y BK  |z Estos recursos deben solicitarse con anticipación  |k DER 
952 |0 0  |1 0  |2 ddc  |4 0  |6 980_020000000000000_STO_1982  |7 1  |8 C_AGB  |9 581030  |a BIBDER  |b BIBDER  |d 2022-02-01  |e Donación   |i 5643767  |o 980.02 STO 1982  |p 5643767  |r 2023-01-25  |t 2  |w 2022-02-01  |y BK_US  |k AGB